000 00339nam a2200145Ia 4500
100 _aLotia/ Manahar
942 _cBK
366 _f15
654 _aModern All About Hard Disk Drive
245 _aModern All About Hard Disk Drive
260 _bB.P.B.Publications
_aNew Delhi
_c1997
082 _a4.5
300 _a516
546 _aENGLISH
999 _c24263
_d24263